000
00321nam a2200121Ia 4500
008
210430s9999 xx 000 0 und d
082
_a
510A685 M
100
_a
GeorgeB.Arfken
245
_a
Mathematical Methods for Physicists
_c
GeorgeB.Arfken
260
_a
Islamabad
_b
Arfken
_c
2005
300
_a
1182p
942
_c
BK
_2
ddc
999
_c
562129
_d
562129